<?xml version="1.0" encoding="UTF-8"?>
<record
    xmlns:xsi="http://www.w3.org/2001/XMLSchema-instance"
    xsi:schemaLocation="http://www.loc.gov/MARC21/slim http://www.loc.gov/standards/marcxml/schema/MARC21slim.xsd"
    xmlns="http://www.loc.gov/MARC21/slim">

  <leader>01907naa a22002537a 4500</leader>
  <controlfield tag="001">7194</controlfield>
  <controlfield tag="003">KOSZ 005</controlfield>
  <controlfield tag="005">20190610114406.0</controlfield>
  <controlfield tag="008">141020b2010    pl a|||| |||| 10| 0 pol  </controlfield>
  <datafield tag="040" ind1=" " ind2=" ">
    <subfield code="c">BPP</subfield>
    <subfield code="d">KOSZ 005/EG</subfield>
    <subfield code="d">KOSZ 005/HR</subfield>
  </datafield>
  <datafield tag="041" ind1=" " ind2=" ">
    <subfield code="a">pol</subfield>
    <subfield code="b">eng</subfield>
  </datafield>
  <datafield tag="080" ind1=" " ind2=" ">
    <subfield code="a">621.791/.795</subfield>
  </datafield>
  <datafield tag="100" ind1="1" ind2=" ">
    <subfield code="a">KAP&#x141;ONEK, Wojciech.</subfield>
    <subfield code="d">2008 - .</subfield>
    <subfield code="b">Politechnika Koszali&#x144;ska - Wydzia&#x142; Mechaniczny, </subfield>
    <subfield code="c">Katedra In&#x17C;ynierii Produkcji</subfield>
  </datafield>
  <datafield tag="245" ind1="1" ind2="0">
    <subfield code="a">Zastosowanie skaterometrii laserowej oraz technik przetwarzania i analizy obrazu do oceny czynnej powierzchni &#x15B;ciernic z mikro-krystalicznego korundu spiekanego SG /</subfield>
    <subfield code="c">Wojciech Kap&#x142;onek, Krzysztof Nadolny.</subfield>
  </datafield>
  <datafield tag="246" ind1="3" ind2="1">
    <subfield code="a">Laser scatterometry and image processing and analysis techniques user for the assessment of active surface of grinding wheel with SG microcrystalline sintered corundum </subfield>
  </datafield>
  <datafield tag="500" ind1=" " ind2=" ">
    <subfield code="a">Dane z autopsji.</subfield>
  </datafield>
  <datafield tag="520" ind1=" " ind2=" ">
    <subfield code="a">W pracy przedstawiono problem powstawania zalepie&#x144; na czynnej powierzchni &#x15B;ciernic (CPS), maj&#x105;cych znacz&#x105;cy wp&#x142;yw na przebieg i efekty procesu szlifowania. Odpowiednia ocena stanu CPS w celu wykrywania nadmiernego rozrostu zalepie&#x144; stanowi kluczowy czynnik decyduj&#x105;cy m.in. o zachowaniu &#x17C;&#x105;danej dok&#x142;adno&#x15B;ci wymiarowo-kszta&#x142;towej obrabianych przedmiot&#xF3;w oraz stanu ich warstwy wierzchniej. Opisano propozycj&#x119; takiej oceny z zastosowaniem optycznej metody skaterometrii laserowej oraz wybranych technik przetwarzania i analizy obrazu.</subfield>
  </datafield>
  <datafield tag="650" ind1=" " ind2="0">
    <subfield code="a">Powierzchnia.</subfield>
  </datafield>
  <datafield tag="650" ind1=" " ind2="0">
    <subfield code="a">Przetwarzanie obraz&#xF3;w.</subfield>
  </datafield>
  <datafield tag="650" ind1=" " ind2="0">
    <subfield code="a">&#x15A;ciernica</subfield>
  </datafield>
  <datafield tag="700" ind1="1" ind2=" ">
    <subfield code="a">NADOLNY, Krzysztof.</subfield>
    <subfield code="d">2006 - .</subfield>
    <subfield code="b">Politechnika Koszali&#x144;ska - Wydzia&#x142; Mechaniczny,</subfield>
    <subfield code="c">Katedra In&#x17C;ynierii Produkcji</subfield>
  </datafield>
  <datafield tag="773" ind1="0" ind2=" ">
    <subfield code="i">W :</subfield>
    <subfield code="t">Podstawy i technika obr&#xF3;bki &#x15B;ciernej / pod red. A. Go&#x142;&#x105;bczaka i B. Kruszy&#x144;skiego. -</subfield>
    <subfield code="d">&#x141;&#xF3;d&#x17A; : Politechnika &#x141;&#xF3;dzka, 2010. -</subfield>
    <subfield code="g">s.153-164</subfield>
    <subfield code="k">Monografia Wydzia&#x142;u Mechanicznego / Politechnika &#x141;&#xF3;dzka</subfield>
  </datafield>
  <datafield tag="942" ind1=" " ind2=" ">
    <subfield code="c">ROZ</subfield>
    <subfield code="2">UKD</subfield>
  </datafield>
  <datafield tag="999" ind1=" " ind2=" ">
    <subfield code="c">7194</subfield>
    <subfield code="d">7194</subfield>
  </datafield>
  <datafield tag="952" ind1=" " ind2=" ">
    <subfield code="0">0</subfield>
    <subfield code="1">0</subfield>
    <subfield code="4">0</subfield>
    <subfield code="7">0</subfield>
    <subfield code="a">BPK</subfield>
    <subfield code="b">BPK</subfield>
    <subfield code="o">104285</subfield>
    <subfield code="y">ROZ</subfield>
  </datafield>
</record>
